Chanteurs français par noms de famille #1 - Statistiques

Statistiques générales
  • Ce quiz a été pris 108 fois
  • Le résultat moyen est 15 sur 15
Statistiques - réponses
Nom de famille Chanteurs % Correct
Maé Christophe
99%
Piaf Edith
99%
Gall France
99%
Hallyday Johnny
99%
Lavoine Marc
99%
Sardou Michel
99%
Pagny Florent
97%
Doré Julien
97%
Sebastien Patrick
97%
Paradis Vanessa
97%
Noah Yannick
97%
Bent Amel
96%
Nakamura Aya
95%
Pokora Matthieu
95%
Moire Emmanuel
94%
Aucun quiz correspondant
Distribution des résultats
% des personnes avec chaque résultat
Percentile par nombre de réponses
Votre historique - résultats
Vous n’avez pas pris ce quiz